000 00780cab a2200193 4500
001 L130840
008 050905n2005 000 0 eng u
035 _a(Sirsi) u130840
041 0 _aeng
100 1 _aButton, Roger
245 _aMy slip, your fall
260 _c2005
490 0 _aBuilding
_v270(8396) 2 September 2005, 56(1)
520 _aWarns about the changes in the NEC third edition regarding the circumstances relating to compensation that allow the contractor to claim additional time and money. Clause 61.3 bars a claim by the contractor if no notice is given within eight weeks of it becoming aware of the event in question.
590 _aIKA130905
650 2 4 _aNEW ENGINEERING CONTRACT
690 _aBUILT ENVIRONMENT-BUILDING CONTRACT FORMS
942 _n0
999 _c75824
_d75824